| 000 | 00637nam a2200193 4500 | ||
|---|---|---|---|
| 999 |
_c1751 _d1751 |
||
| 003 | OSt | ||
| 005 | 20200928120113.0 | ||
| 008 | 200928b ||||| |||| 00| 0 eng d | ||
| 040 |
_aKABLIB _cKABLIB _dKABLIB |
||
| 082 |
_223 _a910.5 _bDUN |
||
| 100 |
_aDunning, Stephen, _eAuthor. _95001 |
||
| 245 |
_aFocus / _cStephen Dunning, Elsie Katterjohn, Olive Stafford Niles. |
||
| 260 |
_aGlenview, Illinois : _bScott, Foresman & Co., _cc1969. |
||
| 300 |
_a608 p. : _bill. ; _c24 cm. |
||
| 500 | _aIncludes index. | ||
| 700 |
_aKatterjohn, Elsie, _eJoint Author. _95002 |
||
| 700 |
_aNiles, Olive Stafford, _eJoint Author. _92349 |
||
| 942 |
_2ddc _cBOOK |
||